Pokémon Légendes : Z-A - Adversaires du Royal Z-A - Statistiques

Statistiques générales
  • Ce quiz a été pris 45 fois
    38 depuis la dernière actualisation
  • Le résultat moyen est 81 sur 168
Statistiques - réponses
Rang Dresseur Pokémon % Correct
Méga-Ohmassacre
81%
Baggaïd
71%
Xavi le Jeune Élève Brutapode
71%
Mackogneur
71%
Méga-Baggaïd
71%
Méga-Brutapode
71%
Méga-Draïeul
71%
Méga-Hexadron
71%
Méga-Minotaupe
71%
Méga-Némélios
71%
Méganium
71%
Méga-Staross
71%
Némélios
71%
Roitiflam
71%
Aligatueur
67%
Méga-Dracaufeu X
67%
Méga-Floette
67%
Méga-Lugulabre
67%
Méga-Mélodelfe
67%
Flamoutan
62%
Méga-Airmure
62%
Pharamp
62%
Pikachu
62%
Ectoplasma
57%
Flotoutan
57%
Méga-Kravarech
57%
D Corvault du Clan Dérouillard Arbok
52%
Cizayox
52%
Couafarel
52%
W Willem le Serveur Feuiloutan
52%
Florges fleur blanche
52%
Tihana la Fille en Kimono Florges fleur bleue
52%
Florges fleur jaune
52%
Florges fleur orange
52%
Florges fleur rouge
52%
Gardevoir
52%
Limonde
52%
Roucool
52%
Gypso du Clan Dérouillard Steelix
52%
Albia des Poings de la Justice Branette
48%
Brutalibré
48%
Carchacrok
48%
Crocorible
48%
Dragmara
48%
Drattak
48%
Excavarenne
48%
Flagadoss
48%
F Narica des Digi-Z4p | Stéfan des Digi-Z4p Iguolta
48%
Lucario
48%
Méga-Sepiatroce
48%
Mysdibule
48%
Nymphali
48%
Sepiatroce
48%
C Henriette la Randonneuse | Violine de la FRIM Strassie
48%
Tyranocif
48%
Delphie de la FRIM Bruyverne
43%
Élecsprint
43%
Emolga
43%
Exagide
43%
Cendrie de la Néo Team Flare Flambusard
43%
Léviator
43%
Lockpin
43%
Raichu
43%
Raichu d'Alola
43%
Rexillius
43%
Roigada
43%
Roserade
43%
Sharpedo
43%
Ténéfix
43%
Banshitrouye
38%
Blizzaroi
38%
Charmina
38%
Yvonne l'Employée Cocotine
38%
*** Musquat de Quazar Démolosse
38%
Desséliande
38%
Gallame
38%
Rudi de la Team MZ Gamblast
38%
Golgopathe
38%
Laporeille
38%
Mentali
38%
Métalosse
38%
Miasmax
38%
A Boro / Cety de la Team MZ Mistigrix
38%
Momartik
38%
Noctali
38%
Oniglali
38%
B Cendro de la Néo Team Flare Pandarbare
38%
Z | ∞ Zachary le Chauffeur Ramoloss
38%
Alakazam
33%
Altaria
33%
Camérupt
33%
Cupcanaille
33%
Y Yvonne l'Employée Fluvetin
33%
Galeking
33%
Muplodocus
33%
Pandespiègle
33%
Prismillon motif Métropole
33%
E Nivis des Poings de la Justice Scarhino
33%
Séracrawl
33%
Trousselin
33%
Aquali
29%
Chevroum
29%
Taragon des Digi-Z4p Hippodocus
29%
Nanméouïe
29%
Ptéra
29%
Voltali
29%
Dedenne
24%
Inno de la Team MZ Migalos
24%
Rosélia
24%
Sorbouboul
24%
Sucroquin
24%
Kadabra
19%
X Xavi le Jeune Élève Venipatte
19%
Aucun quiz correspondant
Distribution des résultats
% des personnes avec chaque résultat
Percentile par nombre de réponses
Votre historique - résultats
Vous n’avez pas pris ce quiz depuis la dernière actualisation